000 01241naa a22002777a 4500
001 BR6010356
003 BR-BrBNA
005 20250709164606.0
007 ta
008 250630b bl.|||m| |||| 00| 0 por d
040 _aBR-BrBNA
_bpor
_cBiblioteca Nacional de Agricultura
041 _a(Pt)
072 _aH60
_b3876
090 _aH60 BR6010356
100 1 _aArruda, H.V. de
100 1 _aLeiderman, L.
111 1 _a4. Seminario Brasileiro de Herbicidas e Ervas Daninhas; 1. Reuniao Latinoamericana de Luta Contra as Ervas Mas
_cItaguai, RJ (Brazil)
_d3 Jul 1962
245 1 _aAmostragem em experimentos com herbicidas de pre-emergencia
500 _aAnais do 4. Seminario Brasileiro de Herbicidas e Ervas Daninhas e 1. Reuniao Latinoamericana de Luta Contra as Ervas Mas Itaguai, RJ (Brasil): 1962. p. 443-448 (BR6010356-AMS)
773 0 _tAnais do 4. Seminario Brasileiro de Herbicidas e Ervas Daninhas e 1. Reuniao Latinoamericana de Luta Contra as Ervas Mas
_wH60 BR6010356
_gItaguai, RJ (Brasil), 1962. p. 443-448
650 _aERVA DANINHA
650 _aHERBICIDA
490 _aBoletim - Instituto de Ecologia e Experimentacao agricolas (Brazil)
_vno. 23
942 _cAMS
_2AGRIS
909 _a202506
_bLúcia
_c55
_dLúcia Elande
999 _c332578
_d332578